[Event "Varginha Mineiro-ch"]
[Site "Varginha"]
[Date "2019.11.16"]
[Round "5"]
[White "Simoes, Rodrigo Felix"]
[Black "Crespo de Oliveira, Lucas"]
[Result "1/2-1/2"]
[WhiteElo "2079"]
[BlackElo "2189"]
[PlyCount "152"]
[EventDate "2019.11.14"]
[EventType "swiss"]
[EventRounds "7"]
[EventCountry "BRA"]
[SourceTitle "CBM 193 Extra"]
[Source "ChessBase"]
[SourceDate "2020.01.31"]
[SourceVersion "1"]
[SourceVersionDate "2020.01.31"]
[SourceQuality "1"]

1. d4 Nf6 2. c4 c5 3. d5 e6 4. Nc3 exd5 5. cxd5 d6 6. e4 g6 7. h3 Bg7 8. Nf3 a6 9. a4 Nbd7 10. Bd3 Nh5 11. g4 Nhf6 12. Bf4 Qe7 13. 0-0 0-0 14. Re1 Ne8 15. Bg5 Bf6 16. Bxf6 Nexf6 17. Qd2 Ne5 18. Nxe5 Qxe5 19. f4 Qd4+ 20. Qe3 Qxe3+ 21. Rxe3 g5 22. fxg5 Nd7 23. Rf1 Rb8 24. e5 dxe5 25. Ne4 c4 26. Bxc4 b5 27. axb5 axb5 28. Bb3 Kg7 29. Nf6 Nc5 30. Bc2 b4 31. Rxe5 Ba6 32. Rd1 b3 33. Bf5 Na4 34. Rd2 Nb6 35. Rf2 Nc4 36. Re1 Bb7 37. Rd1 Rfd8 38. Rd4 Ne5 39. Rb4 Ba8 40. Rxb8 Rxb8 41. d6 Nf3+ 42. Kf1 Nxg5 43. Nh5+ Kf8 44. h4 Ne4 45. Bxe4 Bxe4 46. Nf6 Bd3+ 47. Ke1 Rd8 48. d7 h6 49. Rf3 Bc4 50. Kd2 Be6 51. Kc3 Ke7 52. Kb4 Kd6 53. Kc3 Ke5 54. Rf1 Rb8 55. Rd1 Rd8 56. Rf1 Rb8 57. Rf2 Rd8 58. Rf3 Rb8 59. Rf2 Rd8 60. h5 Rb8 61. g5 hxg5 62. h6 Bf5 63. Re2+ Kxf6 64. Re8 Bxd7 65. Rxb8 Kg6 66. Kxb3 Kxh6 67. Kc3 Kh5 68. Rd8 Bc6 69. Kd4 f5 70. Ke3 f4+ 71. Kf2 g4 72. Kg1 Kh4 73. Rh8+ Kg5 74. Rg8+ Kh4 75. Rh8+ Kg5 76. Rg8+ Kh4 1/2-1/2

[Event "Pocos de Caldas op"]
[Site "Pocos de Caldas"]
[Date "2016.02.28"]
[Round "5"]
[White "Crespo de Oliveira, Lucas"]
[Black "Gazola, Vanessa Ramos"]
[Result "1-0"]
[WhiteElo "2182"]
[BlackElo "1987"]
[PlyCount "120"]
[EventDate "2016.02.26"]
[EventType "swiss"]
[EventRounds "6"]
[EventCountry "BRA"]
[SourceTitle "CBM 171 Extra"]
[Source "ChessBase"]
[SourceDate "2016.04.26"]
[SourceVersion "1"]
[SourceVersionDate "2016.04.26"]
[SourceQuality "1"]

1. e4 c5 2. Nf3 a6 3. Nc3 e6 4. d4 cxd4 5. Nxd4 b5 6. Bd3 Bb7 7. 0-0 Nc6 8. Nxc6 Bxc6 9. Re1 Bc5 10. Qg4 Qf6 11. Qg3 Qg6 12. Qxg6 hxg6 13. a4 b4 14. Nd5 Kd8 15. Be3 Bxe3 16. Nxe3 Nf6 17. Nc4 d5 18. Ne5 Be8 19. exd5 Nxd5 20. Be4 Kc7 21. Nd3 a5 22. Bxd5 exd5 23. b3 Kd6 24. Rad1 Bd7 25. Nf4 Be6 26. Ne2 Rac8 27. Nd4 Rc5 28. Re2 Bf5 29. f3 Rhc8 30. Rdd2 Be6 31. Kf2 Re8 32. Ke1 Bd7 33. Rxe8 Bxe8 34. Re2 Bd7 35. Kd2 Rc8 36. Re3 Rh8 37. h3 Re8 38. Rxe8 Bxe8 39. f4 Bd7 40. g4 Kc5 41. c3 Bc8 42. Nc2 bxc3+ 43. Kxc3 Ba6 44. Nd4 Bf1 45. h4 Bh3 46. g5 Bf1 47. f5 gxf5 48. Nxf5 g6 49. Nh6 d4+ 50. Kc2 Kb4 51. Nxf7 Be2 52. Ne5 Bh5 53. Nc6+ Kc5 54. Nxa5 d3+ 55. Kc3 Be2 56. b4+ Kd6 57. b5 Bd1 58. Nc4+ Kc5 59. Nb2 Be2 60. Nxd3+ Kb6 1-0

[Event "Pocos de Caldas op"]
[Site "Pocos de Caldas"]
[Date "2016.02.28"]
[Round "6"]
[White "Medeiros, Thauane Ferreira"]
[Black "Crespo de Oliveira, Lucas"]
[Result "1/2-1/2"]
[WhiteElo "1961"]
[BlackElo "2182"]
[PlyCount "74"]
[EventDate "2016.02.26"]
[EventType "swiss"]
[EventRounds "6"]
[EventCountry "BRA"]
[SourceTitle "CBM 171 Extra"]
[Source "ChessBase"]
[SourceDate "2016.04.26"]
[SourceVersion "1"]
[SourceVersionDate "2016.04.26"]
[SourceQuality "1"]

1. d4 Nf6 2. Bg5 Ne4 3. Bf4 c5 4. f3 Qa5+ 5. c3 Nf6 6. Nd2 cxd4 7. Nb3 Qd8 8. cxd4 a5 9. e4 a4 10. Nd2 a3 11. bxa3 e6 12. a4 Nc6 13. Be3 Bb4 14. Rb1 Qa5 15. Bb5 d5 16. e5 Nd7 17. f4 0-0 18. Ngf3 Be7 19. 0-0 Nb6 20. Ng5 h6 21. Qh5 Bd7 22. Bd3 f5 23. exf6 Rxf6 24. Nh7 Nc4 25. Nxf6+ Bxf6 26. Bxc4 dxc4 27. Qxa5 Nxa5 28. Rfc1 Bxa4 29. Nxc4 Nxc4 30. Rxc4 Bc6 31. a4 Bd5 32. Rcb4 Be7 33. Rxb7 Bxb7 34. Rxb7 Kf8 35. d5 exd5 36. Bd4 g6 37. Kf2 Rxa4 1/2-1/2

[Event "Pocos de Caldas op"]
[Site "Pocos de Caldas"]
[Date "2016.02.26"]
[Round "1"]
[White "Crespo de Oliveira, Lucas"]
[Black "Resende, Lucas B Massucato"]
[Result "1-0"]
[WhiteElo "2182"]
[BlackElo "1684"]
[PlyCount "61"]
[EventDate "2016.02.26"]
[EventType "swiss"]
[EventRounds "6"]
[EventCountry "BRA"]
[SourceTitle "CBM 171 Extra"]
[Source "ChessBase"]
[SourceDate "2016.04.26"]
[SourceVersion "1"]
[SourceVersionDate "2016.04.26"]
[SourceQuality "1"]

1. e4 c5 2. Nf3 d6 3. d4 cxd4 4. Nxd4 Nf6 5. Nc3 a6 6. f3 Qc7 7. Be3 e5 8. Nb3 Be6 9. g4 h6 10. Qd2 Nbd7 11. 0-0-0 Rc8 12. Kb1 b5 13. Qf2 b4 14. Nd5 Bxd5 15. exd5 a5 16. Bb5 Rb8 17. Bc6 Be7 18. h4 Bd8 19. g5 Ng8 20. f4 Ne7 21. fxe5 Nxc6 22. exd6 Qxd6 23. dxc6 Qxc6 24. Nd4 Qg6 25. gxh6 gxh6 26. Nf5 Bc7 27. Rhg1 Qc6 28. Bd4 Be5 29. Bxe5 Nxe5 30. Rge1 f6 31. Qa7 1-0

[Event "Belo Horizonte Mineiro-ch"]
[Site "Belo Horizonte"]
[Date "2015.11.22"]
[Round "5"]
[White "Gomes, Marco Tulio Caldeir"]
[Black "Crespo de Oliveira, Lucas"]
[Result "0-1"]
[WhiteElo "1877"]
[BlackElo "2202"]
[PlyCount "106"]
[EventDate "2015.11.20"]
[EventType "swiss"]
[EventRounds "6"]
[EventCountry "BRA"]
[SourceTitle "CBM 169 Extra"]
[Source "ChessBase"]
[SourceDate "2015.12.18"]
[SourceVersion "1"]
[SourceVersionDate "2015.12.18"]
[SourceQuality "1"]

1. c4 Nf6 2. Nc3 d5 3. e3 g6 4. Nf3 Bg7 5. b3 0-0 6. Bb2 c6 7. d4 Bf5 8. Bd3 Bxd3 9. Qxd3 a6 10. 0-0 b5 11. c5 Nbd7 12. b4 a5 13. a3 Qc7 14. e4 dxe4 15. Nxe4 Nxe4 16. Qxe4 Nf6 17. Qe5 Nd5 18. Qxc7 Nxc7 19. Ne5 Bxe5 20. dxe5 axb4 21. axb4 Nd5 22. Ba3 Ra4 23. Rfd1 Rfa8 24. Bb2 Rxa1 25. Rxa1 Rxa1+ 26. Bxa1 Nxb4 27. Kf1 Kf8 28. Ke2 Ke8 29. g3 Kd7 30. Kf3 Nd3 31. Bd4 Ke6 32. Ke4 Nb4 33. f4 f5+ 34. exf6 exf6 35. Bc3 Na6 36. Kd4 Nc7 37. Ke4 Nd5 38. Bb2 Ne7 39. Bc3 Nf5 40. Bd2 Nh6 41. h3 Nf5 42. Be1 Ne7 43. Bc3 Nd5 44. Bb2 f5+ 45. Kd4 Nf6 46. Bc3 Ne4 47. Be1 h5 48. h4 Kf6 49. Ke3 Nxc5 50. Bc3+ Ke6 51. Kd4 Ne4 52. Be1 c5+ 53. Ke3 Kd5 0-1

[Event "Mineiro-ch"]
[Site "Belo Horizonte"]
[Date "2015.09.05"]
[Round "2"]
[White "Crespo de Oliveira, Lucas"]
[Black "Trombini, Fabio"]
[Result "1-0"]
[WhiteElo "2171"]
[BlackElo "1992"]
[PlyCount "85"]
[EventDate "2015.09.04"]
[EventType "swiss"]
[EventRounds "5"]
[EventCountry "BRA"]
[SourceTitle "EXT 2016"]
[Source "ChessBase"]
[SourceDate "2015.10.08"]
[SourceVersion "1"]
[SourceVersionDate "2015.10.08"]
[SourceQuality "1"]

1. e4 e5 2. Nf3 Nc6 3. Bc4 Bc5 4. c3 Nf6 5. d4 exd4 6. e5 d5 7. Be2 Ne4 8. cxd4 Bb4+ 9. Bd2 Nxd2 10. Nbxd2 0-0 11. 0-0 f6 12. a3 Be7 13. Nb3 fxe5 14. dxe5 Rf5 15. Nbd4 Nxd4 16. Qxd4 c5 17. Qc3 b6 18. Rad1 d4 19. Qb3+ Kh8 20. Bd3 Rh5 21. Be4 Rb8 22. Rfe1 Rh6 23. a4 Be6 24. Qd3 Qg8 25. Qa6 Bb3 26. Ra1 Qd8 27. Qxa7 Rc8 28. Qa6 Rb8 29. Qb5 c4 30. Nd2 Bc5 31. Nxb3 cxb3 32. Qxb3 Qg5 33. Qg3 Qd2 34. Bd3 Rf8 35. Re2 Qb4 36. h3 Qb3 37. Rc2 Qd5 38. a5 Re6 39. Re1 Qb3 40. a6 Bb4 41. Rec1 Qa4 42. Rc7 Re7 43. Qh4 1-0

[Event "Florianopolis op"]
[Site "Florianopolis"]
[Date "2015.01.15"]
[Round "3"]
[White "Matsuura, Everaldo"]
[Black "Crespo de Oliveira, Lucas"]
[Result "1-0"]
[WhiteElo "2505"]
[BlackElo "2194"]
[PlyCount "65"]
[EventDate "2015.01.14"]
[EventType "swiss"]
[EventRounds "10"]
[EventCountry "BRA"]
[SourceTitle "CBM 164 Extra"]
[Source "ChessBase"]
[SourceDate "2015.03.02"]
[SourceVersion "1"]
[SourceVersionDate "2015.03.02"]
[SourceQuality "1"]

1. d4 Nf6 2. c4 c5 3. d5 e6 4. Nc3 exd5 5. cxd5 d6 6. e4 g6 7. f3 Bg7 8. Bg5 0-0 9. Qd2 a6 10. a4 Re8 11. Nge2 Nbd7 12. Nc1 Rb8 13. Be2 Qc7 14. 0-0 Ne5 15. f4 Ned7 16. e5 dxe5 17. d6 Qa5 18. fxe5 Rxe5 19. Bc4 b5 20. Nd3 Re8 21. axb5 Qb6 22. Nf4 Ne5 23. Ba2 c4+ 24. Kh1 Bf5 25. Nfd5 Nxd5 26. Nxd5 Qxd6 27. Nf6+ Qxf6 28. Bxf6 Bxf6 29. bxa6 Ra8 30. Bb1 Nd3 31. h3 Bxb2 32. Bxd3 Bxa1 33. Bxf5 1-0

[Event "Sao Paulo op-A U2300"]
[Site "Sao Paulo"]
[Date "2014.04.06"]
[Round "6"]
[White "Crespo de Oliveira, Lucas"]
[Black "Marra, Eduardo da Costa"]
[Result "0-1"]
[WhiteElo "2215"]
[BlackElo "2237"]
[PlyCount "52"]
[EventDate "2014.04.03"]
[EventType "swiss"]
[EventRounds "6"]
[EventCountry "BRA"]
[SourceTitle "CBM 159 Extra"]
[Source "ChessBase"]
[SourceDate "2014.04.24"]
[SourceVersion "1"]
[SourceVersionDate "2014.04.24"]
[SourceQuality "1"]

1. e4 d6 2. d4 Nf6 3. Nc3 Nbd7 4. Be3 e5 5. f3 c6 6. Qd2 Be7 7. 0-0-0 b5 8. d5 b4 9. dxc6 bxc3 10. cxd7+ Bxd7 11. Qxc3 Rc8 12. Qd2 Qc7 13. c4 0-0 14. Kb1 Rb8 15. c5 dxc5 16. Bc4 Rb4 17. Rc1 Rfb8 18. Ne2 Qb7 19. b3 a5 20. Ka1 a4 21. Rc3 Be6 22. Bxe6 fxe6 23. Rc4 axb3 24. Rxb4 cxb4 25. axb3 Ra8+ 26. Kb1 Qa6 0-1

[Event "Sao Paulo op-A U2300"]
[Site "Sao Paulo"]
[Date "2014.04.06"]
[Round "5"]
[White "Proudian, Armen"]
[Black "Crespo de Oliveira, Lucas"]
[Result "1-0"]
[WhiteElo "2287"]
[BlackElo "2215"]
[PlyCount "103"]
[EventDate "2014.04.03"]
[EventType "swiss"]
[EventRounds "6"]
[EventCountry "BRA"]
[SourceTitle "CBM 159 Extra"]
[Source "ChessBase"]
[SourceDate "2014.04.24"]
[SourceVersion "1"]
[SourceVersionDate "2014.04.24"]
[SourceQuality "1"]

1. e4 c5 2. Nf3 d6 3. d4 cxd4 4. Nxd4 Nf6 5. Nc3 Nc6 6. Bg5 Qb6 7. Nb3 e6 8. Bf4 Ne5 9. Be3 Qc7 10. f4 Nc6 11. g4 d5 12. exd5 Nxd5 13. Nxd5 exd5 14. f5 Be7 15. Qd2 Bh4+ 16. Bf2 Bxf2+ 17. Qxf2 0-0 18. 0-0-0 a5 19. Nd4 Ne5 20. Nb5 Qc6 21. Qd4 f6 22. h3 Rd8 23. Nc3 Kh8 24. Bb5 Qc7 25. Nxd5 Qd6 26. Qe4 Bd7 27. Nc3 Qc7 28. Bxd7 Rxd7 29. Rxd7 Qxd7 30. Rd1 Qc7 31. Nb5 Qb6 32. Nd6 Rd8 33. Qd4 Qc7 34. Qd5 h6 35. Rd4 Kh7 36. c3 Rd7 37. h4 Nxg4 38. Qxb7 Qd8 39. Nf7 Rxb7 40. Nxd8 Rb8 41. Nc6 Rb6 42. Nxa5 h5 43. Nc4 Rb5 44. Nd6 Ra5 45. Kb1 Ne3 46. b4 Re5 47. a4 Nxf5 48. Nxf5 Rxf5 49. a5 g5 50. a6 Re5 51. a7 Re8 52. b5 1-0

[Event "Sao Paulo op-A U2300"]
[Site "Sao Paulo"]
[Date "2014.04.05"]
[Round "3"]
[White "Da Silva Borges, Rodrigo"]
[Black "Crespo de Oliveira, Lucas"]
[Result "1/2-1/2"]
[WhiteElo "2250"]
[BlackElo "2215"]
[PlyCount "90"]
[EventDate "2014.04.03"]
[EventType "swiss"]
[EventRounds "6"]
[EventCountry "BRA"]
[SourceTitle "CBM 159 Extra"]
[Source "ChessBase"]
[SourceDate "2014.04.24"]
[SourceVersion "1"]
[SourceVersionDate "2014.04.24"]
[SourceQuality "1"]

1. e4 c5 2. Nf3 d6 3. d4 cxd4 4. Nxd4 Nf6 5. Nc3 Nc6 6. f3 e6 7. Be3 Be7 8. Qd2 0-0 9. 0-0-0 a6 10. g4 Nxd4 11. Bxd4 b5 12. g5 Nd7 13. h4 Qc7 14. h5 b4 15. Na4 Qa5 16. g6 fxg6 17. hxg6 hxg6 18. Rh8+ Kf7 19. Rxf8+ Kxf8 20. b3 Rb8 21. Kb1 Qh5 22. Bg2 Qg5 23. f4 Qg4 24. Rh1 Bb7 25. Qf2 Bf6 26. Be3 e5 27. fxe5 dxe5 28. Bf3 Qe6 29. Nc5 Nxc5 30. Rh8+ Kf7 31. Rxb8 Qd6 32. Bxc5 Qxb8 33. Qe2 Kg8 34. Bg4 Bc8 35. Qc4+ Kh7 36. Bxc8 Qxc8 37. Qxb4 g5 38. Be3 Qh3 39. Qd2 g4 40. Qe2 Qh1+ 41. Kb2 g3 42. Qg4 g2 43. Qf5+ Kg8 44. Qe6+ Kh7 45. Qf5+ Kg8 1/2-1/2

[Event "Sao Paulo op-A U2300"]
[Site "Sao Paulo"]
[Date "2014.04.03"]
[Round "1"]
[White "Cardoso, Henrique Silva"]
[Black "Crespo de Oliveira, Lucas"]
[Result "1/2-1/2"]
[WhiteElo "1907"]
[BlackElo "2215"]
[PlyCount "75"]
[EventDate "2014.04.03"]
[EventType "swiss"]
[EventRounds "6"]
[EventCountry "BRA"]
[SourceTitle "CBM 159 Extra"]
[Source "ChessBase"]
[SourceDate "2014.04.24"]
[SourceVersion "1"]
[SourceVersionDate "2014.04.24"]
[SourceQuality "1"]

1. e4 c5 2. Nf3 d6 3. Bb5+ Nd7 4. 0-0 a6 5. Bd3 Ngf6 6. c3 b5 7. Qe2 Bb7 8. Bc2 e5 9. Rd1 Be7 10. d4 Qc7 11. dxe5 dxe5 12. c4 b4 13. b3 Nb8 14. Nbd2 Nc6 15. Qe1 0-0-0 16. Bb2 Nd7 17. Qe3 Bd6 18. Nf1 Nd4 19. Bd3 h6 20. N3d2 Nf8 21. Qh3+ Nfe6 22. Ne3 Kb8 23. Nd5 Qc6 24. a3 a5 25. axb4 axb4 26. Ra4 Nxb3 27. Ra2 Nbd4 28. Rda1 g5 29. Qh5 Rh7 30. Qd1 Rg7 31. Ra4 Nf4 32. Nb3 Nxb3 33. Qxb3 Kc8 34. Bf1 Kd7 35. g3 Nxd5 36. cxd5 Qb6 37. Qf3 Ke7 38. Ra7 1/2-1/2

[Event "Pocos de Caldas op"]
[Site "Pocos de Caldas"]
[Date "2014.02.16"]
[Round "6"]
[White "Mafra, Kaiser Luiz"]
[Black "Crespo de Oliveira, Lucas"]
[Result "0-1"]
[WhiteElo "2194"]
[BlackElo "2202"]
[PlyCount "80"]
[EventDate "2014.02.14"]
[EventType "swiss"]
[EventRounds "6"]
[EventCountry "BRA"]
[SourceTitle "CBM 158 Extra"]
[Source "ChessBase"]
[SourceDate "2014.02.28"]
[SourceVersion "1"]
[SourceVersionDate "2014.02.28"]
[SourceQuality "1"]

1. e4 c5 2. Nf3 d6 3. d4 cxd4 4. Nxd4 Nf6 5. Nc3 Nc6 6. Bc4 Qb6 7. Nb3 e6 8. 0-0 Be7 9. Be3 Qc7 10. Be2 a6 11. a4 b6 12. f4 0-0 13. g4 d5 14. e5 Ne4 15. Bd3 Nxc3 16. bxc3 g6 17. g5 Bd8 18. Qg4 Ne7 19. Bd4 a5 20. Qh4 Ba6 21. f5 Nxf5 22. Rxf5 exf5 23. Nd2 Be7 24. Re1 Bc5 25. Re3 Bxd4 26. cxd4 Bxd3 27. cxd3 h5 28. gxh6 Qd8 29. Qf4 Re8 30. Nf3 f6 31. Nh4 Kh7 32. Nxf5 fxe5 33. Qg3 Qf6 34. Nh4 e4 35. dxe4 dxe4 36. Ng2 Rac8 37. Nf4 Rc1+ 38. Kg2 g5 39. Qg4 gxf4 40. Qd7+ Re7 0-1

[Event "Pocos de Caldas op"]
[Site "Pocos de Caldas"]
[Date "2014.02.15"]
[Round "4"]
[White "Noseda, Francesco"]
[Black "Crespo de Oliveira, Lucas"]
[Result "0-1"]
[WhiteElo "1977"]
[BlackElo "2202"]
[PlyCount "116"]
[EventDate "2014.02.14"]
[EventType "swiss"]
[EventRounds "6"]
[EventCountry "BRA"]
[SourceTitle "CBM 158 Extra"]
[Source "ChessBase"]
[SourceDate "2014.02.28"]
[SourceVersion "1"]
[SourceVersionDate "2014.02.28"]
[SourceQuality "1"]

1. e4 c5 2. Nf3 d6 3. d4 cxd4 4. Nxd4 Nf6 5. Nc3 Nc6 6. Bg5 Qb6 7. Nb3 e6 8. Qd2 Be7 9. 0-0-0 0-0 10. f3 Rd8 11. Nb5 Rd7 12. Be3 Qd8 13. g4 d5 14. Qg2 dxe4 15. Rxd7 Bxd7 16. fxe4 Rc8 17. Kb1 a6 18. N5d4 Ne5 19. Be2 a5 20. g5 Ne8 21. h4 a4 22. Nd2 a3 23. N4f3 Qc7 24. Ne1 axb2 25. Bd4 Nc6 26. Bxb2 Nb4 27. c3 Na6 28. h5 Qf4 29. Bxa6 bxa6 30. g6 fxg6 31. hxg6 h6 32. Nd3 Qg5 33. Qxg5 Bxg5 34. Nf3 Bb5 35. Kc2 Rd8 36. Nde5 Bf4 37. c4 Ba4+ 38. Kc3 Nd6 39. Kb4 Be8 40. Re1 Kf8 41. c5 Rb8+ 42. Kc3 Nb5+ 43. Kc4 Nc7 44. Bc3 Bb5+ 45. Kb3 Ke7 46. Ka3 Be8 47. Ba5 Nb5+ 48. Kb4 Nd4+ 49. Kc3 Nxf3 50. Nxf3 Bxg6 51. Kc4 Be8 52. Nd4 Be5 53. Nf3 Bb5+ 54. Kb4 Be2+ 55. Bb6 Bxf3 56. Kc4 g5 57. a4 Kd7 58. a5 Kc6 0-1

[Event "Belo Horizonte Mineiro op"]
[Site "Belo Horizonte"]
[Date "2013.12.07"]
[Round "5"]
[White "Crespo de Oliveira, Lucas"]
[Black "Goncalves, Marcio Tosta"]
[Result "1-0"]
[WhiteElo "2189"]
[BlackElo "2042"]
[PlyCount "53"]
[EventDate "2013.12.06"]
[EventType "swiss"]
[EventRounds "6"]
[EventCountry "BRA"]
[SourceTitle "CBM 158 Extra"]
[Source "ChessBase"]
[SourceDate "2014.02.28"]
[SourceVersion "1"]
[SourceVersionDate "2014.02.28"]
[SourceQuality "1"]

1. e4 c5 2. Nf3 e6 3. d4 cxd4 4. Nxd4 a6 5. Nc3 Qc7 6. Bd3 Nc6 7. Nxc6 dxc6 8. f4 Nf6 9. e5 Nd5 10. Ne4 c5 11. c4 Nb4 12. Bb1 h5 13. 0-0 Bd7 14. a3 Nc6 15. Be3 b6 16. Qf3 0-0-0 17. b4 Nd4 18. Bxd4 cxd4 19. c5 bxc5 20. bxc5 Bc6 21. Bd3 Bb5 22. Bxb5 axb5 23. Nd6+ Bxd6 24. cxd6 Qb6 25. Rfc1+ Kd7 26. Rc7+ Ke8 27. f5 1-0

[Event "Mineiro-ch"]
[Site "Belo Horizonte"]
[Date "2012.11.30"]
[Round "2"]
[White "Dibai, Jerry"]
[Black "Crespo de Oliveira, Lucas"]
[Result "0-1"]
[WhiteElo "1809"]
[BlackElo "2164"]
[PlyCount "82"]
[EventDate "2012.11.30"]
[EventType "swiss"]
[EventRounds "7"]
[EventCountry "BRA"]
[SourceTitle "EXT 2014"]
[Source "ChessBase"]
[SourceDate "2013.11.20"]
[SourceVersion "1"]
[SourceVersionDate "2013.11.20"]
[SourceQuality "1"]

1. Nf3 Nf6 2. g3 b6 3. Bg2 Bb7 4. 0-0 g6 5. d3 d5 6. Nbd2 Bg7 7. e4 e6 8. e5 Nfd7 9. d4 c5 10. c3 Nc6 11. Re1 Rc8 12. a3 cxd4 13. cxd4 Na5 14. b4 Nc4 15. Nb3 Bc6 16. a4 a6 17. a5 bxa5 18. bxa5 Bb5 19. Bg5 Qc7 20. Qc1 h6 21. Bf4 Qd8 22. Qb1 Nb8 23. Nfd2 Nc6 24. Nxc4 dxc4 25. d5 exd5 26. e6 cxb3 27. exf7+ Kxf7 28. Qxb3 Bc4 29. Qb7+ Ne7 30. Rad1 Rc5 31. Be5 Bxe5 32. Rxe5 Qd6 33. Rde1 Re8 34. Re6 Qxe6 35. Rxe6 Kxe6 36. Bh3+ Kf7 37. Qd7 Rc6 38. f4 Rb8 39. f5 gxf5 40. Bxf5 Rb2 41. Bh3 Bb5 0-1

[Event "Mineiro-ch qual"]
[Site "Belo Horizonte"]
[Date "2012.10.16"]
[Round "5"]
[White "Crespo de Oliveira, Lucas"]
[Black "Campos, Igor Ribeiro"]
[Result "1-0"]
[WhiteElo "2154"]
[BlackElo "2151"]
[PlyCount "99"]
[EventDate "2012.10.12"]
[EventType "swiss"]
[EventRounds "5"]
[EventCountry "BRA"]
[SourceTitle "EXT 2015"]
[Source "ChessBase"]
[SourceDate "2014.11.20"]
[SourceVersion "1"]
[SourceVersionDate "2014.11.20"]
[SourceQuality "1"]

1. e4 e6 2. d4 d5 3. e5 c5 4. c3 Nc6 5. Nf3 Bd7 6. a3 c4 7. b4 cxb3 8. Qxb3 Na5 9. Qc2 Ne7 10. Bd3 Nc8 11. Bxh7 Nb6 12. Bg5 Qc7 13. Bd3 Ba4 14. Qe2 a6 15. 0-0 Nbc4 16. Ra2 Bb3 17. Ra1 b5 18. Nfd2 Ba4 19. Ra2 Be7 20. Qg4 f5 21. Qg3 0-0-0 22. Nf3 Bb3 23. Re2 Rhe8 24. Bc1 Bf8 25. Qg6 Kb8 26. Ng5 Qd7 27. f4 Ba4 28. g4 Nb3 29. gxf5 Nxc1 30. Rxc1 exf5 31. Bxf5 Qc7 32. Ne6 Rxe6 33. Qxe6 Nxa3 34. Nxa3 Bxa3 35. Ra1 Be7 36. Rxa4 bxa4 37. Rb2+ Ka7 38. Bd3 Bd6 39. exd6 Rxd6 40. Qe5 g6 41. Rb4 Qd7 42. Kf2 a3 43. Qh8 Qc7 44. Ra4 Qb7 45. Qf8 Qd7 46. Rxa3 Rc6 47. Bb5 Qh3 48. Qe7+ Kb6 49. Rxa6+ Kxb5 50. Qb7+ 1-0

[Event "Mineiro-ch"]
[Site "Belo Horizonte"]
[Date "2012.09.30"]
[Round "4"]
[White "Campos, Igor Ribeiro"]
[Black "Crespo de Oliveira, Lucas"]
[Result "1-0"]
[WhiteElo "2151"]
[BlackElo "2154"]
[PlyCount "73"]
[EventDate "2012.09.29"]
[EventType "swiss"]
[EventRounds "5"]
[EventCountry "BRA"]
[SourceTitle "EXT 2015"]
[Source "ChessBase"]
[SourceDate "2014.11.20"]
[SourceVersion "1"]
[SourceVersionDate "2014.11.20"]
[SourceQuality "1"]

1. e4 c5 2. Nf3 d6 3. Bb5+ Bd7 4. Bxd7+ Qxd7 5. c4 Nc6 6. d4 cxd4 7. Nxd4 g6 8. Nc3 Bg7 9. Nde2 Rc8 10. 0-0 Nf6 11. f3 Ne5 12. b3 a6 13. a4 0-0 14. Be3 Qd8 15. Qd2 Re8 16. Rfd1 Ned7 17. Rac1 Qa5 18. Rb1 Qb4 19. Qc2 b5 20. axb5 axb5 21. cxb5 Qxb5 22. Nxb5 Rxc2 23. Ned4 Ra2 24. Nc6 Kf8 25. b4 Nb8 26. Nba7 Nfd7 27. b5 Nc5 28. Nxb8 Rxb8 29. Nc6 Rba8 30. Bxc5 dxc5 31. b6 Bd4+ 32. Nxd4 cxd4 33. b7 Rb8 34. Rdc1 Kg7 35. Rc8 Rxb7 36. Rxb7 Ra1+ 37. Kf2 1-0

[Event "BRA-ch Mineiro"]
[Site "Nova Resende"]
[Date "2011.12.11"]
[Round "7.5"]
[White "Crespo de Oliveira, Lucas"]
[Black "Lapertosa Viana, Julio"]
[Result "1-0"]
[WhiteElo "2123"]
[BlackElo "2133"]
[PlyCount "131"]
[EventDate "2011.12.08"]
[EventType "swiss"]
[EventRounds "7"]
[EventCountry "BRA"]
[SourceTitle "EXT 2022"]
[Source "ChessBase"]
[SourceDate "2021.10.06"]
[SourceVersion "1"]
[SourceVersionDate "2021.10.06"]
[SourceQuality "1"]

1. e4 e5 2. Nf3 Nc6 3. d4 exd4 4. Nxd4 Nf6 5. Nxc6 bxc6 6. Bd3 d5 7. exd5 cxd5 8. 0-0 Be7 9. Bg5 0-0 10. Nc3 c6 11. h3 Rb8 12. b3 Be6 13. Qf3 h6 14. Bh4 Rb4 15. Bg3 Bd6 16. a3 Rb7 17. Ne2 c5 18. Nf4 Re7 19. Rad1 Qc7 20. Rfe1 Rd8 21. c4 d4 22. b4 Bc8 23. Rxe7 Qxe7 24. b5 Re8 25. Rc1 Bb7 26. Nd5 Nxd5 27. cxd5 Bxg3 28. fxg3 Bxd5 29. Qf1 Qd6 30. Re1 Rxe1 31. Qxe1 Qe6 32. Qa5 Qb6 33. Qe1 Kf8 34. Qe5 Be6 35. a4 c4 36. a5 Qxa5 37. Qd6+ Ke8 38. Bxc4 Qb6 39. Qe5 d3+ 40. Kf1 d2 41. Ke2 Ke7 42. Bd3 d1Q+ 43. Kxd1 Qg1+ 44. Kd2 Qxg2+ 45. Kc3 Qa2 46. Qc7+ Bd7 47. Bc4 Qa3+ 48. Kc2 Qe3 49. h4 f6 50. h5 Qb6 51. Qf4 Qc5 52. Qe4+ Kd6 53. Qf4+ Qe5 54. Qd2+ Kc7 55. Qa5+ Kb7 56. Qa6+ Kb8 57. Bd3 Qc5+ 58. Kd2 Qb6 59. Qa3 Qf2+ 60. Be2 Qd4+ 61. Ke1 Kc7 62. Qf8 Qg1+ 63. Kd2 Qxg3 64. Qc5+ Kb7 65. Qd5+ Kb8 66. Qxd7 1-0

[Event "BRA-ch Mineiro"]
[Site "Nova Resende"]
[Date "2011.12.10"]
[Round "6.6"]
[White "Esteves, Igor Silva Mota"]
[Black "Crespo de Oliveira, Lucas"]
[Result "0-1"]
[WhiteElo "1750"]
[BlackElo "2123"]
[PlyCount "100"]
[EventDate "2011.12.08"]
[EventType "swiss"]
[EventRounds "7"]
[EventCountry "BRA"]
[SourceTitle "EXT 2022"]
[Source "ChessBase"]
[SourceDate "2021.10.06"]
[SourceVersion "1"]
[SourceVersionDate "2021.10.06"]
[SourceQuality "1"]

1. e4 c5 2. Nf3 d6 3. d4 cxd4 4. Nxd4 Nf6 5. Nc3 Nc6 6. Bg5 Qb6 7. Ndb5 a6 8. Bxf6 gxf6 9. Nd5 Qa5+ 10. Nbc3 Be6 11. Bc4 Rg8 12. g3 Ne5 13. Be2 Rc8 14. Qd4 Bg7 15. 0-0-0 f5 16. Qb6 Qxb6 17. Nxb6 Rc6 18. Nbd5 fxe4 19. Nxe4 Nc4 20. Bxc4 Rxc4 21. Nec3 Bg4 22. Rd3 Rd4 23. Re1 e6 24. Kd2 Kd7 25. Ne3 Bf3 26. Rxd4 Bxd4 27. Kd3 Bg7 28. Nc4 b5 29. Nd2 Bg4 30. Nde4 Rc8 31. a3 Bf5 32. Kd2 d5 33. Ng5 Bg6 34. Nf3 a5 35. Ke2 b4 36. axb4 axb4 37. Na4 Rxc2+ 38. Kf1 Bd3+ 39. Kg1 Be4 40. Ng5 Bg6 41. Nh3 Bxb2 42. Nxb2 Rxb2 43. Nf4 Be4 44. f3 Bxf3 45. Nd3 Re2 46. Rxe2 Bxe2 47. Nxb4 Kd6 48. Kf2 Bg4 49. Ke3 e5 50. Nd3 Bf5 0-1